00703cam a22002291 45000010008000000030009000080050017000170080041000340100017000750150014000920400023001060430012001290500022001410820013001631000041001762450067002172600043002843000045003273500009003725040041003816510051004221706617BDDh-ASL20231015025719.0710714s1968 enkbf b 000 0 eng  a 68111409  aB68-09050 aDLCcDLCdBDDh-ASL aa-ii---00aDS463b.L68 1968b00a954bLOS1 aLow, D. A.q(Donald Anthony),d1927-10aSoundings in modern South Asian history:cedited by D. A. Low. aLondon:bWeidenfeld & Nicolson,c1968. axi, 391 p. :bfold. plate, map.;c23 cm. a63/- aIncludes bibliographical references. 0aIndiaxHistoryyBritish occupation, 1765-1947.